Random Star Wars Films Trivia (Hard) - Statistics

General Stats
  • This quiz has been taken 304 times
  • The average score is 14 of 30
Answer Stats
Hint Answer % Correct
Boss of the aforementioned Gungan city in Episode I Nass
84%
Name the only Jedi Master and Council member that was of the same species as Yoda Yaddle
74%
Name the Viceroy of the Trade Federation Nute Gunray
73%
Name of the Planet where Cloud City is located Bespin
72%
The profession of Han Solo during a New Hope Episode IV Smuggler
72%
Leader of the Separatists (Confederacy of Independent Systems) Count Dooku/Darth Tyranus
67%
Name of the planet where Obi-Wan Kenobi killed General Grievous Utapau
67%
When Grand Moff Tarkin gave the ultimatum to tell him where the rebels were or Alderaan will be destroyed, What planet did Princess Leia name? Dantooine
62%
Name the Jedi Master who was said to have commissioned the creation of the Clone Army Sifo-Dyas
58%
Capital of Naboo Theed
58%
Name of the creature that captures then nearly eats Luke Skywalker on Hoth. Wampa
58%
Name of the planet that Han Solo is from Corellia
56%
Name the spaceport settlement that Anakin and Shmi Skywalker called home Mos Espa
55%
What species is Darth Maul? Zabrak
55%
Senator of Chandrila and Chief Of State of the Rebel Alliance Mon Mothma
52%
What unit was essential for the Naboo Royal Starship to travel to Coruscant in Episode I? Hyperdrive
47%
Name of the Kowakian monkey-lizard jester who worked for Jabba the Hutt and had a infamous cackling laugh Salacious B. Crumb
42%
Luke Skywalker and Wedge Antilles are part of which Rebel Alliance Squadron? Rogue Squadron
37%
Name the Vice Chancellor who served under Chancellor Palpatine and also Chancellor Valorum Mas Amedda
36%
Name the astroid colony where Padmé gave birth to the twins Polis Massa
36%
Underwater Gungan city Otoh Gunga
31%
Name of the administrative aide to the Prime Minister of Kamino who welcomed Obi-Wan Kenobi when he arrived on the planet Taun We
30%
Padmé Amidala's maiden name Naberrie
23%
Name of the Varactyl creature Obi-Wan Kenobi rides. Boga
20%
What Royal title did Poggle the Lesser hold? Archduke
19%
Handmaiden to Senator Amidala seen in Episode II Dorme
19%
Name the Neimoidian who served as the Senator of the Trade Federation Lott Dod
16%
Another name for the lightsaber Form V Djem So/Shien
15%
Beru Lars maiden name Whitesun
15%
Head aide to Bail Organa (and mother of Winter Celchu) Sheltay Retrac
2%
No matching quizzes found
Score Distribution
Percent of People with Each Score
Percentile by Number Answered
Your Score History
You have not taken this quiz